000
00289nam a22001337a 4500
008
170228b xxu||||| |||| 00| 0 eng d
020
_a
9780131781023
041
_a
eng
080
_a
618.2
100
_a
2
101
_a
INF
245
_a
MEDICAL-SURGICAL NURSING
_c
OSBORN
942
_2
udc
_c
BK
999
_c
6380
_d
6380